| 000 | 00362 a2200169 4500 | ||
|---|---|---|---|
| 001 | 72375 | ||
| 020 | _a8526225286 | ||
| 040 | _cAnchieta - Colégio São Paulo | ||
| 100 | _aRodrigues, Sonia | ||
| 240 | 1 | 0 |
_aA tempestade _lpor |
| 245 | 1 | 0 | _aA tempestade |
| 300 | _a63 | ||
| 362 | 0 | _a2001 | |
| 440 | 1 | _aScipione | |
| 650 | 4 | _aLiteratura juvenil | |
| 942 | _cBK | ||
| 999 |
_c72375 _d72375 |
||